| 000 | 00491 a2200145 4500 | ||
|---|---|---|---|
| 020 | _aN/S | ||
| 040 | _aULA-LD-MS | ||
| 082 | _a658.3 | ||
| 100 |
_91047 _aNETO,Felismina da Conceiȯ̂ |
||
| 245 | _aGestô do Capital Inteletual como Estrategia Para o Desenvolvimento da Administraȧo Publica -Estudos de Caso Administraȯ̂ Municipal da Baia Farta-Benguela | ||
| 260 |
_aLuanda, _bUniversidade Lusiada _c2024. |
||
| 300 | _a98p | ||
| 650 | _aGestô de Recursos Humanos | ||
| 942 | _cTFC | ||
| 999 |
_c2221 _d2221 |
||